书目信息 |
| 题名: |
水性高分子织物涂层剂
|
|
| 作者: | 李杰 编著 | |
| 分册: | ||
| 出版信息: | 北京 中国科学技术出版社 2012.11 |
|
| 页数: | 188页 | |
| 开本: | 26cm | |
| 丛书名: | ||
| 单 册: | ||
| 中图分类: | TS106.8 , TQ610.4 | |
| 科图分类: | ||
| 主题词: | 涂层织物--印染助剂--研究 , 涂层织物 , 印染助剂 | |
| 电子资源: | ||
| ISBN: | 978-7-5046-6242-2 | |
| 000 | 00965nam0 2200289 45 | |
| 001 | 012001001356 | |
| 005 | 20131108080702.0 | |
| 010 | @a978-7-5046-6242-2@dCNY35.00 | |
| 090 | @aTS106@blj | |
| 100 | @a20140429d2013 em y0chiy50 ea | |
| 101 | 0 | @achi |
| 102 | @aCN@b110000 | |
| 105 | @aa z 000yy | |
| 106 | @ar | |
| 200 | 1 | @a水性高分子织物涂层剂@Ashui xing gao fen zi zhi wu tu ceng ji@f李杰[等]编著 |
| 210 | @a北京@c中国科学技术出版社@d2012.11 | |
| 215 | @a188页@c图@d26cm | |
| 304 | @a编著者还有:王胜鹏、晋苗苗、罗运军 | |
| 330 | @a本书内容包括:水性高分子织物涂层剂的概论,水性聚氨酯织物涂层剂,水性聚丙烯酸酯织物涂层剂,水性有机硅织物涂层剂,天然高分子类织物涂层剂,其他类织物涂层剂等。 | |
| 606 | 0 | @a涂层织物@x印染助剂@x研究 |
| 606 | 0 | @a涂层织物 |
| 606 | 0 | @a印染助剂 |
| 690 | @aTS106.8@v5 | |
| 690 | @aTQ610.4@v5 | |
| 701 | 0 | @a李杰@Ali jie@f(1986~)@4编著 |
| 801 | 0 | @aCN@b北京卓展@c20191020 |
| 905 | @b1198125-8@dTS106.8@e23@f4 | |
| 水性高分子织物涂层剂/李杰[等]编著.-北京:中国科学技术出版社,2012.11 |
| 188页:图;26cm |
| ISBN 978-7-5046-6242-2:CNY35.00 |
| 本书内容包括:水性高分子织物涂层剂的概论,水性聚氨酯织物涂层剂,水性聚丙烯酸酯织物涂层剂,水性有机硅织物涂层剂,天然高分子类织物涂层剂,其他类织物涂层剂等。 |
| ● |
| 相关链接 |
|
|
|
|
正题名:水性高分子织物涂层剂
索取号:TS106.8/23
 
预约/预借
| 序号 | 登录号 | 条形码 | 馆藏地/架位号 | 状态 | 备注 |
| 1 | 1198125 | 211981257 | 第二样本阅览室/ [索取号:TS106.8/23] | 在馆 | |
| 2 | 1198126 | 211981266 | 第三借阅区/ [索取号:TS106.8/23] | 在馆 | |
| 3 | 1198127 | 211981275 | 第三借阅区/ [索取号:TS106.8/23] | 在馆 | |
| 4 | 1198128 | 211981284 | 第三借阅区/ [索取号:TS106.8/23] | 在馆 |